000 00632nam a2200169Ia 4500
003 GCL
008 140319s9999 xx 000 0 ara d
040 _aGCL /
_cGCL
082 0 4 _aم
_b091
_bد ف
100 1 _aدار الكتب والوثائق القومية
245 1 0 _aفهرس المخطوطات الفارسية التى تقتنيها دار الكتب حتى عام 1963 /
_cدار الكتب والوثائق القومية
260 _aالقاهرة :
_bدار الكتب ،
_c1966
300 _a358 ص ؛
_c28 سم
650 0 4 _aالمخطوطات
650 0 4 _aالمخطوطات - فهرسة
942 _2ddc
_cREF
999 _c59375
_d59375